00911 a2200217 4500003000500000005001700005010001700022020004300039040000900082082001300091245011100104250001200215260003300227300001100260490005700271505021700328651001100545942001200556999001900568952010600587Nust20170207154042.0 a 2008927730 a9780387688985 (hardcover : alk. paper) cNust a621.382200aBandwidth extension of speech signals -(E-BOOK)c[edited by] Bernd Iser, Wolfgang Minker, Gerhard Schmidt. a1st ed. aNew York :bSpringer,c2009. ap. cm.0 aLecture notes in electrical engineering ;v1876-1100 aIntroduction (Page-1)Speech Generation(Page-9) Analysis Techniques for Speech Signals (Page-17) Excitation Signal Extension (Page-53) Broadband Spectral Envelope Estimation (Page-67) Quality Evaluation (Page-97) aE-BOOK 2ddccBK c192697d192697 00102ddc40708NFICaMCSbMCSd2016-12-12l0o621.3822 BANpMCSEB-2258r2016-12-08w2016-12-12yBK